What happens next? (Record no. 69078)
[ view plain ]
| 000 -LEADER | |
|---|---|
| fixed length control field | 01361cam a2200277 4500 |
| 001 - CONTROL NUMBER | |
| control field | ABS64972 |
| 008 - FIXED-LENGTH DATA ELEMENTS--GENERAL INFORMATION | |
| fixed length control field | 011211n2001 000 0 eng u |
| 035 ## - SYSTEM CONTROL NUMBER | |
| System control number | (Sirsi) u115955 |
| 100 ## - MAIN ENTRY--PERSONAL NAME | |
| Personal name | Clark, P |
| 245 ## - TITLE STATEMENT | |
| Title | What happens next? |
| 260 ## - PUBLICATION, DISTRIBUTION, ETC. | |
| Date of publication, distribution, etc. | 2001 |
| 490 ## - SERIES STATEMENT | |
| Series statement | Building |
| Volume/sequential designation | 266(8208) 2 November 2001, 26-27(2) |
| 520 ## - SUMMARY, ETC. | |
| Summary, etc. | Looks at the impact of Railtrack's collapse on the rail industry. Railtrack staff are worried about their jobs and some of the prominent rail contractors such as Jarvis, Amec, Balfour Betaty and Carillion are nervous about upcoming projects, despite publicly claiming business as usual. Contractors and engineers are also frustrated that government hasn't yet consulted on the future direction of the rail industry. Following the Railtrack disaster, Byers has announced that future megaprojects such as the East Coast Main Line will be procured through public-private partnerships (PPP). In addition, train operating companies may be spending more on infrastructure. |
| 590 ## - LOCAL NOTE (RLIN) | |
| Local note | ABS |
| 650 ## - SUBJECT ADDED ENTRY--TOPICAL TERM | |
| Topical term or geographic name entry element | RAILTRACK |
| 650 ## - SUBJECT ADDED ENTRY--TOPICAL TERM | |
| Topical term or geographic name entry element | RAILWAYS |
| 650 ## - SUBJECT ADDED ENTRY--TOPICAL TERM | |
| Topical term or geographic name entry element | PUBLIC PRIVATE PARTNERSHIPS |
| 650 ## - SUBJECT ADDED ENTRY--TOPICAL TERM | |
| Topical term or geographic name entry element | PUBLIC PRIVATE PARTNERSHIPS |
| 650 ## - SUBJECT ADDED ENTRY--TOPICAL TERM | |
| Topical term or geographic name entry element | RAIL NETWORK |
| 650 ## - SUBJECT ADDED ENTRY--TOPICAL TERM | |
| Topical term or geographic name entry element | CONTRACTORS |
| 650 ## - SUBJECT ADDED ENTRY--TOPICAL TERM | |
| Topical term or geographic name entry element | INFRASTRUCTURE PROJECTS |
| 650 ## - SUBJECT ADDED ENTRY--TOPICAL TERM | |
| Topical term or geographic name entry element | ENGINEERS |
| 690 ## - LOCAL SUBJECT ADDED ENTRY--TOPICAL TERM (OCLC, RLIN) | |
| Topical term or geographic name as entry element | TRANSPORT AND COMMUNICATIONS |
| 700 ## - ADDED ENTRY--PERSONAL NAME | |
| Personal name | Black, S |
| 942 ## - ADDED ENTRY ELEMENTS (KOHA) | |
| Suppress in OPAC | 0 |
| Withdrawn status | Lost status | Source of classification or shelving scheme | Damaged status | Not for loan | Home library | Current library | Shelving location | Date acquired | Total Checkouts | Full call number | Barcode | Date last seen | Copy number | Price effective from | Koha item type |
|---|---|---|---|---|---|---|---|---|---|---|---|---|---|---|---|
| Dewey Decimal Classification | London | London | Journal article | 11/12/2001 | ABS64972 | 115955-1001 | 06/08/2019 | 1 | 06/08/2019 | Journal article |